| 000 | 00658nam a22002177a 4500 | ||
|---|---|---|---|
| 003 | KOHA_MİRAKIL | ||
| 005 | 20260421131029.0 | ||
| 008 | 260421b tu ||||| |||| 00| 0 tur d | ||
| 040 |
_aTR-AnABB _btur _cTR-AnABB |
||
| 041 | _atur | ||
| 082 |
_a813.42 _bERB |
||
| 100 | 1 | _aErbay, Yusuf | |
| 245 | 1 | 0 |
_aŞehir masalları - Üç gül ömrü / _cYusuf Erbay |
| 246 | _aÜç gül ömrü | ||
| 260 |
_aAnkara : _b[yayl.y.] _c[t.y.] |
||
| 300 |
_a30 sayfa ; _c20 cm |
||
| 500 | _aYazar tarafından Prof. Dr. Ruşen Keleş İçin imzalanmıştır. | ||
| 650 | 0 | 4 | _aTürk edebiyatı, roman |
| 900 | _bCan ÇELIK | ||
| 942 |
_2ddc _cBK |
||
| 999 |
_c10309 _d10309 |
||